| 000 | 00512nam a2200145Ia 4500 | ||
|---|---|---|---|
| 008 | 220325s9999||||xx |||||||||||||| ||und|| | ||
| 020 | _a978-979-491-017-7 | ||
| 084 | _a1128-0085 DAR Gov Bo | ||
| 100 | _aKrishna D. Darumurti | ||
| 245 | 0 | _aKekuasaan Diskresi Pemerintah: Kajian Mengenai Konsep, Dasar Pengujian dan Sarana Kontrol | |
| 260 |
_aBandung _bPT. Citra Aditya Bakti _c2012 |
||
| 300 | _ai-xvi + 112 hlm | ||
| 650 |
_aGovernment (Pemerintahan) _eG-O-V _yKekuasaan Pemerintah Yang Spesifik |
||
| 942 | _cBK | ||
| 999 |
_c18765 _d18765 |
||